00588nam a22001337a 4500008004100000050001400041100004200055245012600097260003000223300001800253505013800271650001600409650002900425120809t 1972mx ||||| |||| 00| 0 spa d aB53 bE52 aEngels, Friedrichd1820 - 1895eautor aFilosofía b: esquemática del mundo ; filosofía de la naturaleza, moral y derecho ; dialécticac/ Federico Engels aMéxicob : Rocac, 1972 a163 páginas aI. Clasificación. Apriorismo. II. Esquemática del mundo. III. Filosofía de la naturaleza. IV. Moral y derecho. V. Dialéctica.1 aFILOSOFÍA2 aMATERIALISMO DIALECTICO.